[Event "Ljubljana-chT 71st"]
[Site "Ljubljana"]
[Date "2018.03.22"]
[Round "7.3"]
[White "Kremzer, Zdravko"]
[Black "Turek, Lan Timotej"]
[Result "0-1"]
[WhiteElo "1709"]
[BlackElo "1978"]
[PlyCount "60"]
[EventDate "2018.01.11"]
[EventType "team-tourn"]
[EventRounds "9"]
[EventCountry "SLO"]
[SourceTitle "EXT 2020"]
[Source "ChessBase"]
[SourceDate "2019.10.17"]
[SourceVersion "1"]
[SourceVersionDate "2019.10.17"]
[SourceQuality "1"]
[WhiteTeam "Bor Dob"]
[BlackTeam "Domzale SD"]
[WhiteTeamCountry "SLO"]
[BlackTeamCountry "SLO"]

1. e4 d6 2. Bc4 Nf6 3. d3 g6 4. Bd2 Bg7 5. Nc3 0-0 6. Nge2 c6 7. Bb3 Nbd7 8. d4 b5 9. Ng3 a5 10. a3 Ba6 11. 0-0 h5 12. Bg5 b4 13. Nce2 c5 14. Re1 Qb6 15. c3 c4 16. Ba4 Bb5 17. Bxb5 Qxb5 18. axb4 Qxg5 19. f4 Qb5 20. Qa4 Qxa4 21. Rxa4 axb4 22. Rxb4 Rfb8 23. Rxc4 Rxb2 24. Rc7 h4 25. Nf1 Raa2 26. e5 Rxe2 27. Rxe2 Rxe2 28. exf6 Nxf6 29. g3 h3 30. Rc8+ Kh7 0-1

[Event "Ljubljana-chT 71st"]
[Site "Ljubljana"]
[Date "2018.01.11"]
[Round "1.3"]
[White "Kremzer, Zdravko"]
[Black "Suhadolnik, Jernej"]
[Result "0-1"]
[WhiteElo "1709"]
[BlackElo "1868"]
[PlyCount "52"]
[EventDate "2018.01.11"]
[EventType "team-tourn"]
[EventRounds "9"]
[EventCountry "SLO"]
[SourceTitle "EXT 2020"]
[Source "ChessBase"]
[SourceDate "2019.10.17"]
[SourceVersion "1"]
[SourceVersionDate "2019.10.17"]
[SourceQuality "1"]
[WhiteTeam "Bor Dob"]
[BlackTeam "Trzin Buscotrade"]
[WhiteTeamCountry "SLO"]
[BlackTeamCountry "SLO"]

1. e4 a6 2. Nc3 b5 3. d4 Bb7 4. Bd3 e6 5. Nf3 c5 6. e5 cxd4 7. Be4 dxc3 8. Bxb7 Ra7 9. bxc3 Rxb7 10. Be3 Nc6 11. Qe2 Ba3 12. Rb1 Nge7 13. 0-0 Nd5 14. Bd2 Na5 15. Rfd1 Nc4 16. Be1 Bc5 17. Qe4 Qc7 18. Kh1 f5 19. exf6 Nxf6 20. Qd3 0-0 21. h3 Ne5 22. Nxe5 Qxe5 23. a4 Ne4 24. f3 Bd6 25. Kg1 Qh2+ 26. Kf1 Qh1+ 0-1

[Event "SLO-chT Central 1st League 18th"]
[Site "Slovenia"]
[Date "2017.10.26"]
[Round "7.1"]
[White "Turek, Lan Timotej"]
[Black "Kremzer, Zdravko"]
[Result "1-0"]
[WhiteElo "1978"]
[BlackElo "1704"]
[PlyCount "120"]
[EventDate "2017.09.14"]
[EventType "team-swiss"]
[EventRounds "9"]
[EventCountry "SLO"]
[SourceTitle "EXT 2022"]
[Source "ChessBase"]
[SourceDate "2021.10.06"]
[SourceVersion "1"]
[SourceVersionDate "2021.10.06"]
[SourceQuality "1"]
[WhiteTeam "Domzale SD"]
[BlackTeam "Bor Dob II"]
[WhiteTeamCountry "SLO"]
[BlackTeamCountry "SLO"]

1. e4 c5 2. Nc3 d6 3. f4 e6 4. Nf3 Nf6 5. Bb5+ Bd7 6. a4 Bxb5 7. axb5 Be7 8. 0-0 0-0 9. d3 a6 10. Qe1 Nfd7 11. f5 Ne5 12. Nxe5 dxe5 13. Qg3 Kh8 14. Qh3 exf5 15. exf5 Nd7 16. bxa6 Rxa6 17. Rxa6 bxa6 18. Nd5 Bg5 19. Be3 Bxe3+ 20. Qxe3 f6 21. Ra1 Nb8 22. Qxc5 Qc8 23. Qxc8 Rxc8 24. c3 Rc5 25. Ne3 g6 26. Kf2 Kg7 27. Ra4 a5 28. Rc4 Rb5 29. b4 axb4 30. Rxb4 Rxb4 31. cxb4 gxf5 32. Nxf5+ Kf7 33. g4 Ke6 34. Ke3 h5 35. Ng7+ Kf7 36. Nxh5 Kg6 37. Ng3 Na6 38. b5 Nc7 39. b6 Nd5+ 40. Ke4 Nxb6 41. h4 Na4 42. h5+ Kf7 43. Kf5 Nc3 44. g5 fxg5 45. Kxe5 Kg7 46. Kf5 Kh6 47. Kg4 Nd5 48. Nf5+ Kh7 49. Kxg5 Kh8 50. d4 Kh7 51. Ng3 Kg7 52. Kf5 Ne7+ 53. Ke6 Nc6 54. d5 Nd4+ 55. Ke7 Nb5 56. d6 Nxd6 57. Kxd6 Kh6 58. Ke6 Kh7 59. Nf5 Kh8 60. Kf6 Kh7 1-0

[Event "SLO-chT Central 1st League 18th"]
[Site "Slovenia"]
[Date "2017.09.21"]
[Round "2.2"]
[White "Kremzer, Zdravko"]
[Black "Leben, Dusan"]
[Result "0-1"]
[WhiteElo "1704"]
[BlackElo "1858"]
[PlyCount "22"]
[EventDate "2017.09.14"]
[EventType "team-swiss"]
[EventRounds "9"]
[EventCountry "SLO"]
[SourceTitle "EXT 2022"]
[Source "ChessBase"]
[SourceDate "2021.10.06"]
[SourceVersion "1"]
[SourceVersionDate "2021.10.06"]
[SourceQuality "1"]
[WhiteTeam "Bor Dob II"]
[BlackTeam "Trzin Buscotrade II"]
[WhiteTeamCountry "SLO"]
[BlackTeamCountry "SLO"]

1. e4 e5 2. f4 d5 3. exd5 exf4 4. Nf3 Nf6 5. Bb5+ Bd7 6. Bxd7+ Nbxd7 7. c4 Qe7+ 8. Qe2 h6 9. Nc3 0-0-0 10. 0-0 g5 11. d4 Bg7 0-1

[Event "SLO-chT Central 1st League 16th"]
[Site "Slovenia"]
[Date "2015.10.22"]
[Round "5.1"]
[White "Marn, Jan"]
[Black "Kremzer, Zdravko"]
[Result "1-0"]
[WhiteElo "1810"]
[BlackElo "1702"]
[PlyCount "67"]
[EventDate "2015.09.10"]
[EventType "team-tourn"]
[EventRounds "9"]
[EventCountry "SLO"]
[SourceTitle "EXT 2022"]
[Source "ChessBase"]
[SourceDate "2021.10.06"]
[SourceVersion "1"]
[SourceVersionDate "2021.10.06"]
[SourceQuality "1"]
[WhiteTeam "Komenda Suma"]
[BlackTeam "Bor Dob II"]
[WhiteTeamCountry "SLO"]
[BlackTeamCountry "SLO"]

1. e4 d5 2. exd5 Qxd5 3. Nc3 Qa5 4. Nf3 c6 5. Bc4 Nf6 6. d3 Bf5 7. Bd2 Qc7 8. 0-0 e6 9. h3 Be7 10. Re1 h6 11. Nd4 0-0 12. Nxf5 exf5 13. Qf3 Qd7 14. Re5 Qd6 15. Qxf5 Nbd7 16. Re2 Qc5 17. Qxc5 Bxc5 18. Rae1 a6 19. Ne4 Nxe4 20. dxe4 Ne5 21. Bb3 a5 22. Bc3 Ng6 23. a4 b5 24. Kf1 b4 25. Bd2 Rad8 26. f4 Rd7 27. e5 Rfd8 28. Bc1 Rd1 29. e6 fxe6 30. Rxe6 Kh7 31. g3 Rxe1+ 32. Kxe1 Rd6 33. Re8 Nh8 34. f5 1-0

[Event "SLO-chT Central 1st League 16th"]
[Site "Slovenia"]
[Date "2015.09.17"]
[Round "2.1"]
[White "Kremzer, Zdravko"]
[Black "Hribar, Franc"]
[Result "1-0"]
[WhiteElo "1702"]
[BlackElo "1539"]
[PlyCount "85"]
[EventDate "2015.09.10"]
[EventType "team-tourn"]
[EventRounds "9"]
[EventCountry "SLO"]
[SourceTitle "EXT 2022"]
[Source "ChessBase"]
[SourceDate "2021.10.06"]
[SourceVersion "1"]
[SourceVersionDate "2021.10.06"]
[SourceQuality "1"]
[WhiteTeam "Bor Dob II"]
[BlackTeam "Menges Trzin"]
[WhiteTeamCountry "SLO"]
[BlackTeamCountry "SLO"]

1. e4 e5 2. Bc4 Qf6 3. d3 h6 4. Ne2 Bc5 5. 0-0 d6 6. Be3 Be6 7. Nd2 Nd7 8. c3 a6 9. b4 Ba7 10. d4 Bxc4 11. Nxc4 Ne7 12. Na5 b6 13. Nb3 Ng6 14. f4 Qe7 15. dxe5 dxe5 16. Qd5 0-0 17. f5 Nh8 18. Rad1 Nf6 19. Qd3 b5 20. Bxa7 Rxa7 21. Nc5 Raa8 22. Qh3 a5 23. a3 axb4 24. cxb4 Rfd8 25. Nc3 c6 26. Rxd8+ Qxd8 27. Rd1 Qe7 28. Nb1 Rd8 29. Rd3 Rd4 30. Nd2 Qd6 31. Kf1 Qe7 32. Qf3 g6 33. Rxd4 exd4 34. Qd3 Ng4 35. Qxd4 Nxh2+ 36. Kg1 Ng4 37. Qd7 Qh4 38. Nf3 Qf2+ 39. Kh1 Ne3 40. Qd2 Qf1+ 41. Ng1 Qf4 42. Qd8+ Kg7 43. Qd4+ 1-0

[Event "Ljubljana-chT 67th"]
[Site "Gostovanja"]
[Date "2014.03.06"]
[Round "6.3"]
[White "Bajo, Tin"]
[Black "Kremzer, Zdravko"]
[Result "0-1"]
[WhiteElo "1651"]
[BlackElo "1738"]
[PlyCount "186"]
[EventDate "2014.01.09"]
[EventType "team-tourn"]
[EventRounds "9"]
[EventCountry "SLO"]
[SourceTitle "EXT 2015"]
[Source "ChessBase"]
[SourceDate "2014.11.20"]
[SourceVersion "1"]
[SourceVersionDate "2014.11.20"]
[SourceQuality "1"]
[WhiteTeam "Kocevje"]
[BlackTeam "Bor Dob"]
[WhiteTeamCountry "SLO"]
[BlackTeamCountry "SLO"]

1. e4 d5 2. exd5 Nf6 3. Nf3 Nxd5 4. d4 Bg4 5. c4 Nb6 6. Be3 c6 7. Nbd2 N8d7 8. Bd3 Nf6 9. 0-0 e6 10. a3 Be7 11. Qc2 Qc8 12. Ne5 Bf5 13. Bxf5 exf5 14. b4 0-0 15. Rfc1 Ng4 16. Nxg4 fxg4 17. Ne4 f5 18. Nc5 f4 19. Bd2 Bd6 20. Qe4 Re8 21. Qd3 Rf8 22. Qe4 g3 23. Qe6+ Qxe6 24. Nxe6 Rf6 25. Nc5 gxh2+ 26. Kxh2 f3+ 27. g3 Bxc5 28. dxc5 Nd7 29. Bf4 Re6 30. Rc3 Rf8 31. Rd1 Rf5 32. Rxf3 Ne5 33. Rc3 Ng4+ 34. Kg1 g5 35. Be3 Ne5 36. Rd8+ Kf7 37. Rh8 Kg7 38. Rb8 Nf3+ 39. Kg2 Re7 40. b5 g4 41. Ra8 cxb5 42. cxb5 Rh5 43. Rxa7 Rh2+ 44. Kf1 Rh1+ 45. Ke2 Nd4+ 46. Kd3 Nxb5 47. Ra5 Nxc3 48. Kxc3 Rd7 49. Ra7 Rhd1 50. a4 Kf7 51. a5 Ke6 52. Kc4 Rb1 53. a6 bxa6 54. Rxa6+ Kf5 55. Bf4 Ke4 56. Ra8 Rd4+ 57. Kc3 Rbb4 58. Re8+ Kf3 59. Be3 Rdc4+ 60. Kd3 Ra4 61. Rf8+ Kg2 62. Rb8 Re4 63. Rb7 h5 64. c6 Rxe3+ 65. Kxe3 Ra3+ 66. Ke2 Ra2+ 67. Ke3 Ra3+ 68. Ke2 Ra2+ 69. Ke3 Rxf2 70. Rh7 Rc2 71. Rxh5 Rxc6 72. Kf4 Rc4+ 73. Ke3 Kxg3 74. Rh8 Kg2 75. Rg8 g3 76. Ke2 Rc3 77. Rg7 Rc4 78. Rh7 Rf4 79. Rh8 Rf2+ 80. Ke1 Rf1+ 81. Ke2 Rh1 82. Rg8 Rh2 83. Ke1 Rh1+ 84. Ke2 Rh3 85. Rg7 Rh4 86. Rg8 Rh2 87. Ke1 Rh1+ 88. Ke2 Kh2 89. Kf3 Rf1+ 90. Ke2 Rf2+ 91. Ke1 Ra2 92. Kf1 g2+ 93. Ke1 g1Q+ 0-1

[Event "Ljubljana-chT 67th"]
[Site "Gostovanja"]
[Date "2014.01.09"]
[Round "1.3"]
[White "Dajcman, Nikolaj"]
[Black "Kremzer, Zdravko"]
[Result "1-0"]
[WhiteElo "1503"]
[BlackElo "1738"]
[PlyCount "51"]
[EventDate "2014.01.09"]
[EventType "team-tourn"]
[EventRounds "9"]
[EventCountry "SLO"]
[SourceTitle "EXT 2015"]
[Source "ChessBase"]
[SourceDate "2014.11.20"]
[SourceVersion "1"]
[SourceVersionDate "2014.11.20"]
[SourceQuality "1"]
[WhiteTeam "Tomo Zupan Vzajemna"]
[BlackTeam "Bor Dob"]
[WhiteTeamCountry "SLO"]
[BlackTeamCountry "SLO"]

1. e4 d5 2. exd5 Nf6 3. c4 c6 4. dxc6 Nxc6 5. b3 Bf5 6. Nc3 e6 7. Bb2 Bc5 8. Nf3 0-0 9. Be2 Nb4 10. 0-0 Nd3 11. Bxd3 Bxd3 12. Re1 Ng4 13. Re3 Nxe3 14. fxe3 Be7 15. e4 f5 16. e5 Qb6+ 17. Kh1 Bb4 18. Nb5 Rad8 19. Bd4 Bc5 20. Bxc5 Qxc5 21. Nd6 Rd7 22. Ng5 Qxe5 23. Nb5 a6 24. Nc3 h6 25. Nf3 Be4 26. Nxe5 1-0

[Event "SLO-chT Central 1st League 14th"]
[Site "Slovenia"]
[Date "2013.10.24"]
[Round "5.1"]
[White "Kremzer, Zdravko"]
[Black "Hrescak, Ivana"]
[Result "0-1"]
[WhiteElo "1738"]
[BlackElo "1847"]
[PlyCount "72"]
[EventDate "2013.09.19"]
[EventType "team-swiss"]
[EventRounds "9"]
[EventCountry "SLO"]
[SourceTitle "EXT 2022"]
[Source "ChessBase"]
[SourceDate "2021.10.06"]
[SourceVersion "1"]
[SourceVersionDate "2021.10.06"]
[SourceQuality "1"]

1. e4 c5 2. f4 d5 3. exd5 Qxd5 4. Nc3 Qd8 5. Nf3 Nc6 6. Bc4 Nf6 7. h3 Nd4 8. Ng5 e6 9. b3 h6 10. Nge4 Nxe4 11. Nxe4 b5 12. Be2 Bb7 13. Bf3 Bxe4 14. Bxe4 Qh4+ 15. Kf1 Qxf4+ 16. Kg1 Qxe4 17. d3 Qe5 18. Rb1 Be7 19. h4 0-0 20. Bb2 Qe3+ 21. Kf1 Qf4+ 22. Kg1 Bxh4 23. Rh3 Bf2+ 24. Kh1 Nf5 25. g4 Ne3 26. Qe2 Qxg4 27. Rxe3 Qh4+ 28. Kg2 Bxe3 29. Qxe3 Qg5+ 30. Kf2 Qxe3+ 31. Kxe3 f6 32. Rg1 g5 33. Kf3 h5 34. Rh1 h4 35. Kg4 Kf7 36. Rf1 Kg6 0-1

[Event "SLO-chT Central 1st League 14th"]
[Site "Slovenia"]
[Date "2013.10.10"]
[Round "3.1"]
[White "Kremzer, Zdravko"]
[Black "Kobold, Andrej"]
[Result "1/2-1/2"]
[WhiteElo "1738"]
[BlackElo "1908"]
[PlyCount "51"]
[EventDate "2013.09.19"]
[EventType "team-swiss"]
[EventRounds "9"]
[EventCountry "SLO"]
[SourceTitle "EXT 2022"]
[Source "ChessBase"]
[SourceDate "2021.10.06"]
[SourceVersion "1"]
[SourceVersionDate "2021.10.06"]
[SourceQuality "1"]

1. e4 c5 2. f4 d5 3. exd5 Qxd5 4. Nc3 Qf5 5. d4 cxd4 6. Qxd4 Nc6 7. Qa4 Bd7 8. Bd3 Qc5 9. Ne4 Qb6 10. Qb5 Qxb5 11. Bxb5 Nf6 12. Nxf6+ exf6 13. c3 Bc5 14. Bd2 0-0-0 15. 0-0-0 a6 16. Ba4 Rhe8 17. Bb3 Bg4 18. Rf1 Rd7 19. h3 Bf5 20. Bc2 Bxc2 21. Kxc2 b5 22. Nf3 b4 23. Re1 Red8 24. Re2 bxc3 25. bxc3 Na5 26. Re4 1/2-1/2

[Event "Ljubljana-chT 66th 1st League"]
[Site "Ljubljana"]
[Date "2013.03.21"]
[Round "9.3"]
[White "Omahen, Gasper"]
[Black "Kremzer, Zdravko"]
[Result "0-1"]
[WhiteElo "1916"]
[BlackElo "1696"]
[PlyCount "64"]
[EventDate "2013.01.10"]
[EventType "team-tourn"]
[EventRounds "9"]
[EventCountry "SLO"]
[SourceTitle "EXT 2022"]
[Source "ChessBase"]
[SourceDate "2021.10.06"]
[SourceVersion "1"]
[SourceVersionDate "2021.10.06"]
[SourceQuality "1"]
[WhiteTeam "Klinicni Center II"]
[BlackTeam "Bor Dob"]
[WhiteTeamCountry "SLO"]
[BlackTeamCountry "SLO"]

1. e4 e5 2. d4 Nc6 3. d5 Nce7 4. c4 Ng6 5. Nc3 Bc5 6. Nge2 a6 7. f4 exf4 8. Nxf4 d6 9. Nxg6 fxg6 10. b4 Ba7 11. Bb2 Nf6 12. Be2 0-0 13. Qd2 Ng4 14. Bxg4 Bxg4 15. Nd1 Qe7 16. e5 dxe5 17. Ne3 Bh5 18. c5 b6 19. h4 g5 20. g4 Bg6 21. c6 b5 22. a3 Rf3 23. Nf5 Bxf5 24. gxf5 Bf2+ 25. Kd1 Rxf5 26. hxg5 e4 27. Kc2 Rd8 28. g6 e3 29. gxh7+ Kh8 30. Qd3 Rdxd5 31. Bxg7+ Qxg7 32. Qe4 Rd2+ 0-1

[Event "SLO-chT 1st League Central"]
[Site "Ljubljana"]
[Date "2012.09.13"]
[Round "2.2"]
[White "Kejzar, Petra"]
[Black "Kremzer, Zdravko"]
[Result "1-0"]
[WhiteElo "1738"]
[BlackElo "1635"]
[PlyCount "79"]
[EventDate "2012.09.06"]
[EventType "team-swiss"]
[EventRounds "9"]
[EventCountry "SLO"]
[SourceTitle "EXT 2019"]
[Source "ChessBase"]
[SourceDate "2018.10.10"]
[SourceVersion "1"]
[SourceVersionDate "2018.10.10"]
[SourceQuality "1"]
[WhiteTeam "Tomo Zupan Vzajemna II"]
[BlackTeam "Bor Dob"]
[WhiteTeamCountry "SLO"]
[BlackTeamCountry "SLO"]

1. e4 d5 2. exd5 Nf6 3. d4 c6 4. dxc6 Nxc6 5. Bb5 Bd7 6. Nf3 a6 7. Be2 Bg4 8. Be3 e6 9. 0-0 Bd6 10. h3 Bh5 11. c4 Rc8 12. Nc3 h6 13. Rc1 Ne7 14. Qa4+ Qd7 15. Rfd1 Qxa4 16. Nxa4 0-0 17. g4 Bg6 18. Ne5 Be4 19. Nc3 Nc6 20. Nxe4 Nxe4 21. Nxc6 bxc6 22. c5 Bc7 23. Bxa6 Ra8 24. Bb7 Rxa2 25. Bxc6 Nf6 26. b4 Rc8 27. b5 Bb8 28. d5 exd5 29. Bxd5 Ra5 30. Bc6 Ra4 31. Bd4 Bf4 32. Ra1 Rxd4 33. Rxd4 Be5 34. Rad1 Bxd4 35. Rxd4 Kf8 36. Kf1 Ng8 37. Rc4 Ne7 38. Be4 Ke8 39. c6 Rb8 40. c7 1-0

[Event "Ljubljana-chT 64th 2nd League"]
[Site "Ljubljana"]
[Date "2011.03.10"]
[Round "7.2"]
[White "Grabovac, Rajko"]
[Black "Kremzer, Zdravko"]
[Result "1-0"]
[WhiteElo "1656"]
[BlackElo "1646"]
[PlyCount "82"]
[EventDate "2011.01.13"]
[EventType "team-tourn"]
[EventRounds "9"]
[EventCountry "SLO"]
[SourceTitle "EXT 2022"]
[Source "ChessBase"]
[SourceDate "2021.10.06"]
[SourceVersion "1"]
[SourceVersionDate "2021.10.06"]
[SourceQuality "1"]

1. e4 d5 2. e5 Bf5 3. d4 e6 4. f4 c5 5. c3 Qh4+ 6. g3 Qd8 7. Nf3 Nc6 8. Bb5 Qb6 9. Bxc6+ bxc6 10. 0-0 h6 11. Nh4 Bh3 12. Rf2 Ne7 13. g4 g5 14. fxg5 cxd4 15. Qf3 Rh7 16. Qxh3 hxg5 17. Bxg5 Ng6 18. cxd4 Qxd4 19. Nd2 Bc5 20. Raf1 Nxh4 21. Nb3 Qc4 22. Nxc5 Qxc5 23. Bxh4 Qd4 24. Qg3 Kd7 25. Bf6 c5 26. h3 c4 27. Qa3 Rg8 28. g5 Kc6 29. Kh2 Rb8 30. Qd6+ Kb7 31. Bd8 f5 32. exf6 Rxd8 33. Qxd8 Qe5+ 34. Rf4 Qxb2+ 35. R1f2 Qc3 36. h4 Qe5 37. Kg2 Rxh4 38. Rxh4 Qxg5+ 39. Kf1 Qxh4 40. Rb2+ Ka6 41. Qd6+ Ka5 1-0

[Event "Ljubljana-chT 64th 2nd League"]
[Site "Ljubljana"]
[Date "2011.01.20"]
[Round "2.2"]
[White "Abe, Blaz"]
[Black "Kremzer, Zdravko"]
[Result "1-0"]
[WhiteElo "1748"]
[BlackElo "1646"]
[PlyCount "131"]
[EventDate "2011.01.13"]
[EventType "team-tourn"]
[EventRounds "9"]
[EventCountry "SLO"]
[SourceTitle "EXT 2022"]
[Source "ChessBase"]
[SourceDate "2021.10.06"]
[SourceVersion "1"]
[SourceVersionDate "2021.10.06"]
[SourceQuality "1"]

1. d4 Nf6 2. Nf3 c6 3. c4 d5 4. Nc3 dxc4 5. e4 Bg4 6. e5 Nd5 7. Bxc4 e6 8. h3 Bh5 9. a3 Nb6 10. Be2 Be7 11. 0-0 0-0 12. Be3 N8d7 13. Nh2 Bg6 14. Bh5 Bf5 15. Ng4 Bg5 16. f4 Be7 17. b3 c5 18. d5 exd5 19. Nxd5 Be4 20. Nc3 Bc6 21. f5 Bg5 22. Qd6 Bxe3+ 23. Nxe3 Qg5 24. Ng4 Qxh5 25. f6 Qg6 26. Ne2 h5 27. Nf4 Qe4 28. fxg7 hxg4 29. Qh6 Qh7 30. gxf8Q+ Nxf8 31. Qxh7+ Nxh7 32. hxg4 Nd5 33. Nxd5 Bxd5 34. Rab1 Ng5 35. Rfd1 Be6 36. Rdc1 b6 37. Re1 Bxg4 38. Re3 Bf5 39. Rf1 Bg6 40. Rf6 Ne6 41. Rg3 Kg7 42. Rgxg6+ fxg6 43. Rxe6 Kf7 44. Rf6+ Kg7 45. Re6 Kf7 46. Rf6+ Kg7 47. Rd6 Re8 48. Rd7+ Kh6 49. Rxa7 Rxe5 50. Ra6 Re6 51. a4 Kg7 52. a5 Re8 53. Rxb6 Ra8 54. a6 Kh6 55. Kf2 Kg5 56. Ke3 Kh5 57. Kd3 g5 58. Kc4 Kg4 59. Kxc5 Kf4 60. Kc6 Ra7 61. b4 g4 62. b5 Kg3 63. Rb7 Ra8 64. a7 Kxg2 65. b6 Rc8+ 66. Kb5 1-0

[Event "SLO-chT Central 2nd League"]
[Site "Slovenia"]
[Date "2010.11.04"]
[Round "7.2"]
[White "Bremec, Edvard"]
[Black "Kremzer, Zdravko"]
[Result "1/2-1/2"]
[WhiteElo "1746"]
[BlackElo "1657"]
[PlyCount "48"]
[EventDate "2010.09.09"]
[EventType "team-tourn"]
[EventRounds "9"]
[EventCountry "SLO"]
[SourceTitle "EXT 2022"]
[Source "ChessBase"]
[SourceDate "2021.10.06"]
[SourceVersion "1"]
[SourceVersionDate "2021.10.06"]
[SourceQuality "1"]
[WhiteTeam "Duplica Balin"]
[BlackTeam "Bor Dob II"]
[WhiteTeamCountry "SLO"]
[BlackTeamCountry "SLO"]

1. d4 Nf6 2. c4 e6 3. a3 d5 4. Nc3 dxc4 5. e4 Be7 6. Bxc4 0-0 7. Nf3 c5 8. d5 exd5 9. exd5 a6 10. a4 Bg4 11. Bf4 Bd6 12. Bxd6 Qxd6 13. 0-0 Nbd7 14. Be2 Rfe8 15. Qb3 Rab8 16. Rfe1 Ne5 17. Nxe5 Rxe5 18. Bxg4 Nxg4 19. g3 Nf6 20. Rxe5 Qxe5 21. Qc4 Qd6 22. Ne4 Nxe4 23. Qxe4 h6 24. Rc1 b5 1/2-1/2

[Event "SLO-chT Central 2nd League"]
[Site "Slovenia"]
[Date "2010.09.16"]
[Round "2.2"]
[White "Kremzer, Zdravko"]
[Black "Hafner, Branko"]
[Result "1-0"]
[WhiteElo "1657"]
[BlackElo "1563"]
[PlyCount "91"]
[EventDate "2010.09.09"]
[EventType "team-tourn"]
[EventRounds "9"]
[EventCountry "SLO"]
[SourceTitle "EXT 2022"]
[Source "ChessBase"]
[SourceDate "2021.10.06"]
[SourceVersion "1"]
[SourceVersionDate "2021.10.06"]
[SourceQuality "1"]
[WhiteTeam "Bor Dob II"]
[BlackTeam "Barob Smarca II"]
[WhiteTeamCountry "SLO"]
[BlackTeamCountry "SLO"]

1. e4 e5 2. f4 exf4 3. Nf3 d6 4. Bc4 h6 5. c3 Be6 6. Qb3 Qc8 7. d4 Bxc4 8. Qxc4 g5 9. 0-0 f6 10. Re1 Nc6 11. e5 dxe5 12. dxe5 fxe5 13. Nxe5 Nxe5 14. Rxe5+ Ne7 15. Nd2 Qd7 16. Nf3 Qd1+ 17. Re1 Qd6 18. Nd4 0-0-0 19. Nb5 Qb6+ 20. Kf1 Kb8 21. b4 a6 22. Nd4 Nc8 23. Bb2 Bg7 24. Ne6 Rd7 25. Rad1 Nd6 26. Qc5 Bf6 27. a4 Rhh7 28. Nf8 Qxc5 29. Nxd7+ Rxd7 30. bxc5 Be7 31. cxd6 Bxd6 32. c4 Rh7 33. Re8+ Ka7 34. Be5 Bxe5 35. Rxe5 c6 36. c5 b6 37. Re6 Kb7 38. Rdd6 Rc7 39. cxb6 Kxb6 40. Rxh6 g4 41. Rhf6 f3 42. gxf3 gxf3 43. Kf2 Kc5 44. Kxf3 Kb4 45. Rxc6 Rxc6 46. Rxc6 1-0

[Event "Ljubljana-chT 62nd 1st League"]
[Site "Ljubljana"]
[Date "2009.02.05"]
[Round "5.4"]
[White "Kremzer, Zdravko"]
[Black "Ivelja, Branko"]
[Result "1-0"]
[WhiteElo "1640"]
[BlackElo "1541"]
[PlyCount "69"]
[EventDate "2009.01.08"]
[EventType "team-tourn"]
[EventRounds "9"]
[EventCountry "SLO"]
[SourceTitle "EXT 2022"]
[Source "ChessBase"]
[SourceDate "2021.10.06"]
[SourceVersion "1"]
[SourceVersionDate "2021.10.06"]
[SourceQuality "1"]
[WhiteTeam "Bor Dob"]
[BlackTeam "Zeleznicar"]
[WhiteTeamCountry "SLO"]
[BlackTeamCountry "SLO"]

1. e4 e5 2. Bc4 Nc6 3. Ne2 Bc5 4. b4 Nxb4 5. c3 Nc6 6. d4 exd4 7. cxd4 Bb4+ 8. Nbc3 Nge7 9. 0-0 0-0 10. Bb2 d6 11. a3 Ba5 12. f4 Bg4 13. Qd3 Bb6 14. Kh1 Na5 15. Ba2 Kh8 16. h3 Bxe2 17. Nxe2 f6 18. Qg3 d5 19. f5 c6 20. Nf4 Bc7 21. e5 Nxf5 22. Qd3 fxe5 23. dxe5 Qh4 24. Rf3 Rae8 25. Raf1 Bxe5 26. Bxe5 Rxe5 27. Nxd5 Re1 28. Rxf5 Rfe8 29. Qf3 Rxf1+ 30. Qxf1 h6 31. Rf8+ Rxf8 32. Qxf8+ Kh7 33. Nf4 Qe1+ 34. Kh2 h5 35. Qf5+ 1-0

[Event "Ljubljana-chT 62nd 1st League"]
[Site "Ljubljana"]
[Date "2009.01.15"]
[Round "2.4"]
[White "Kamensek, Ivan"]
[Black "Kremzer, Zdravko"]
[Result "1/2-1/2"]
[WhiteElo "1777"]
[BlackElo "1640"]
[PlyCount "44"]
[EventDate "2009.01.08"]
[EventType "team-tourn"]
[EventRounds "9"]
[EventCountry "SLO"]
[SourceTitle "EXT 2022"]
[Source "ChessBase"]
[SourceDate "2021.10.06"]
[SourceVersion "1"]
[SourceVersionDate "2021.10.06"]
[SourceQuality "1"]
[WhiteTeam "Podpec Senozeti"]
[BlackTeam "Bor Dob"]
[WhiteTeamCountry "SLO"]
[BlackTeamCountry "SLO"]

1. d4 d5 2. c4 Nf6 3. Nc3 c6 4. cxd5 Nxd5 5. Nf3 e6 6. e4 Nf6 7. Be2 Be7 8. 0-0 0-0 9. Bg5 Nbd7 10. Rc1 b6 11. Qb3 Bb7 12. Rfd1 Ne8 13. Bf4 Nef6 14. a4 Nh5 15. Be3 Qb8 16. g3 Nhf6 17. Bc4 h6 18. d5 cxd5 19. exd5 exd5 20. Nxd5 Nxd5 21. Bxd5 Nc5 22. Qa2 Bxd5 1/2-1/2